000 00425nam a2200133Ia 4500
001 2906
008 241024s9999 xx 000 0 und d
082 _aRD/371.2/R426p/2013
100 _aMinisterio de Estado de Educación. Dirección General de Supervisión Educativa
245 0 _aProtocolos e instrumentos para la supervisión educativa
260 _bSanto Domingo
_c2013
901 _a13/6/2013 3:07:02 p.m.
999 _c8877
_d8877